[Event "Osijek op 12th"]
[Site "Osijek"]
[Date "2019.02.22"]
[Round "3.37"]
[White "Fures, Ivica"]
[Black "Rogulja, Nikola"]
[Result "1-0"]
[WhiteElo "1871"]
[BlackElo "1352"]
[PlyCount "65"]
[EventDate "2019.02.21"]
[EventType "swiss"]
[EventRounds "7"]
[EventCountry "CRO"]
[SourceTitle "EXT 2023"]
[Source "ChessBase"]
[SourceDate "2022.10.05"]
[SourceVersion "1"]
[SourceVersionDate "2022.10.05"]
[SourceQuality "1"]

1. d4 d5 2. c4 Nf6 3. Nc3 e6 4. Nf3 c5 5. e3 Nc6 6. a3 a6 7. dxc5 Bxc5 8. b4 Be7 9. Be2 0-0 10. 0-0 dxc4 11. Bxc4 b5 12. Be2 Bb7 13. Bb2 Qc7 14. h3 Rfd8 15. Qc2 Rd7 16. Rfd1 Rad8 17. Rxd7 Rxd7 18. Rd1 Rxd1+ 19. Nxd1 Nd5 20. Bd3 g6 21. e4 Nf6 22. Qc3 Qf4 23. Bc1 Qc7 24. Ne3 e5 25. Nd5 Qd8 26. Nxe7+ Nxe7 27. Nd2 Qd6 28. f3 Nd7 29. Nb3 Nc6 30. Be3 Qe6 31. Nc5 Nxc5 32. Qxc5 Qb3 33. Bh6 1-0

[Event "Osijek-ch op"]
[Site "Osijek"]
[Date "2014.02.20"]
[Round "1"]
[White "Fures, Ivica"]
[Black "Kristovic, Marijan"]
[Result "0-1"]
[WhiteElo "1912"]
[BlackElo "2281"]
[PlyCount "138"]
[EventDate "2014.02.20"]
[EventType "swiss"]
[EventRounds "7"]
[EventCountry "CRO"]
[SourceTitle "CBM 159 Extra"]
[Source "ChessBase"]
[SourceDate "2014.04.24"]
[SourceVersion "1"]
[SourceVersionDate "2014.04.24"]
[SourceQuality "1"]

1. Nf3 Nf6 2. d4 b6 3. g3 Bb7 4. Bg2 d6 5. 0-0 Nbd7 6. c4 g6 7. Nc3 Ne4 8. Qc2 Nxc3 9. bxc3 Bg7 10. e4 c5 11. Be3 0-0 12. Rfd1 Rc8 13. d5 Rc7 14. a4 Bc8 15. Rdb1 Rb7 16. Rb2 Rb8 17. Rab1 Ba6 18. Bf1 e6 19. Bg5 Bf6 20. Bf4 Qe7 21. Rd1 exd5 22. exd5 Rfe8 23. Re1 Qf8 24. Rbb1 Be5 25. Bd2 Bg7 26. Bf4 Ne5 27. Nd2 Bc8 28. Bxe5 Bxe5 29. Nf3 Bf6 30. Rxe8 Qxe8 31. Re1 Qf8 32. h3 Bf5 33. Qd2 Qg7 34. Rc1 Bd7 35. g4 h6 36. Qf4 Be5 37. Nxe5 dxe5 38. Qd2 f5 39. f3 Bxa4 40. Ra1 Be8 41. Bd3 a5 42. gxf5 gxf5+ 43. Kh2 Bg6 44. Qc2 e4 45. Be2 exf3 46. Bxf3 Qe5+ 47. Kh1 Kh7 48. Qd2 Re8 49. d6 Qg3 50. Bg2 Rd8 51. Rd1 f4 52. Qd5 f3 53. Bxf3 Qxh3+ 54. Kg1 Qf5 55. Qc6 Rg8 56. Bg2 Qg4 57. Re1 Rg7 58. Re7 Bf5 59. Qd5 h5 60. Re5 Kg6 61. Rxf5 Qxf5 62. Qc6 Kg5 63. Qxb6 h4 64. Qd8+ Kg4 65. Qe8 h3 66. Qe2+ Kf4 67. Qd2+ Ke5 68. Qd5+ Kf6 69. d7 Qxd5 0-1

[Event "Bosnjaci op 17th"]
[Site "Bosnjaci"]
[Date "2012.01.03"]
[Round "1"]
[White "Fures, Ivica"]
[Black "Tomic, Bosko"]
[Result "1/2-1/2"]
[WhiteElo "1904"]
[BlackElo "2407"]
[PlyCount "63"]
[EventDate "2012.01.03"]
[EventType "swiss"]
[EventRounds "9"]
[EventCountry "CRO"]
[SourceTitle "CBM 146 Extra"]
[Source "ChessBase"]
[SourceDate "2012.02.29"]
[SourceVersion "1"]
[SourceVersionDate "2012.02.29"]
[SourceQuality "1"]

1. d4 Nf6 2. c4 g6 3. Nc3 Bg7 4. e4 0-0 5. Be2 c5 6. d5 e6 7. Nf3 exd5 8. exd5 d6 9. 0-0 Bg4 10. h3 Bxf3 11. Bxf3 Nbd7 12. Bf4 Ne8 13. Qb3 Ne5 14. Be2 Rb8 15. Bh2 f5 16. f4 Nd7 17. Rf3 a6 18. a4 Bd4+ 19. Kh1 Ng7 20. Raf1 Nf6 21. Bd3 Re8 22. Ne2 Be3 23. Bg1 Bxg1 24. Kxg1 Ne4 25. Qc2 Qf6 26. Re3 Re7 27. Bxe4 fxe4 28. Qc3 Qh4 29. Ng3 Rf8 30. Nxe4 Nf5 31. Qe1 Kg7 32. Qc3+ 1/2-1/2

[Event "Osijek op"]
[Site "Osijek"]
[Date "2010.01.23"]
[Round "2"]
[White "Fures, Ivica"]
[Black "Vlaicevic, Marin"]
[Result "1/2-1/2"]
[WhiteElo "1761"]
[BlackElo "2000"]
[PlyCount "75"]
[EventDate "2010.01.23"]
[EventType "swiss"]
[EventRounds "9"]
[EventCountry "CRO"]
[SourceTitle "CBM 134 Extra"]
[Source "ChessBase"]
[SourceDate "2010.03.03"]
[SourceVersion "1"]
[SourceVersionDate "2010.03.03"]
[SourceQuality "1"]

1. d4 Nf6 2. Nd2 d5 3. c3 g6 4. Ngf3 Bg7 5. e3 c6 6. Bd3 0-0 7. Qc2 Nbd7 8. 0-0 Re8 9. a4 e5 10. dxe5 Nxe5 11. Nxe5 Rxe5 12. Nf3 Re7 13. b3 Ne4 14. Bb2 Nc5 15. Ba3 b6 16. Be2 Bf5 17. Qb2 Rc7 18. Rad1 Bg4 19. Qc2 Bf5 20. Qb2 Ne4 21. Nd4 Bc8 22. Rc1 a6 23. Bd3 c5 24. Ne2 Bb7 25. Ng3 Nxg3 26. hxg3 Qg5 27. Be2 h5 28. Bf3 Rac8 29. Qd2 Rd7 30. Rfd1 h4 31. gxh4 Qxh4 32. g3 Qf6 33. Qe2 Re8 34. Bb2 Qe6 35. Qc2 Red8 36. Kg2 Bc6 37. Re1 Rc7 38. Kg1 1/2-1/2

[Event "Borovo op"]
[Site "Borovo"]
[Date "2010.01.04"]
[Round "4"]
[White "Jozic, Zoran"]
[Black "Fures, Ivica"]
[Result "0-1"]
[WhiteElo "1969"]
[BlackElo "1761"]
[PlyCount "32"]
[EventDate "2010.01.02"]
[EventType "swiss"]
[EventRounds "9"]
[EventCountry "CRO"]
[SourceTitle "CBM 134 Extra"]
[Source "ChessBase"]
[SourceDate "2010.03.03"]
[SourceVersion "1"]
[SourceVersionDate "2010.03.03"]
[SourceQuality "1"]

1. d4 Nf6 2. c4 Nc6 3. Nc3 e5 4. d5 Ne7 5. e4 Ng6 6. Nf3 Bb4 7. Bd3 Bxc3+ 8. bxc3 d6 9. h3 b6 10. a4 Bd7 11. Bg5 h6 12. Be3 0-0 13. Qc1 Kh7 14. g4 Rh8 15. g5 Nh5 16. gxh6 Qf6 0-1

[Event "Osijek op"]
[Site "Osijek"]
[Date "2008.12.13"]
[Round "7"]
[White "Kroo, Ivica"]
[Black "Fures, Ivica"]
[Result "1-0"]
[WhiteElo "1854"]
[BlackElo "1600"]
[PlyCount "117"]
[EventDate "2008.12.08"]
[EventType "swiss"]
[EventRounds "9"]
[EventCountry "CRO"]
[SourceTitle "CBM 128 Extra"]
[Source "ChessBase"]
[SourceDate "2009.03.05"]
[SourceVersion "2"]
[SourceVersionDate "2009.03.25"]
[SourceQuality "1"]

1. d4 d6 2. c4 g6 3. Nc3 Bg7 4. Nf3 Nf6 5. e3 0-0 6. Qc2 Nc6 7. a3 Na5 8. b4 Nc6 9. Bb2 Nb8 10. h3 Nbd7 11. Bd3 c5 12. d5 Qc7 13. b5 Ne5 14. Nxe5 dxe5 15. e4 Nh5 16. g3 f5 17. 0-0-0 Qd6 18. Kb1 Kf7 19. exf5 g5 20. Ne4 Qb6 21. Nxg5+ Ke8 22. Rhe1 a6 23. Ne6 Bxe6 24. dxe6 axb5 25. cxb5 Nf6 26. Rxe5 Rc8 27. Bc4 Bh6 28. g4 Bf4 29. Re2 Rd8 30. Bxf6 Rxf6 31. Rxd8+ Qxd8 32. Qd3 Qxd3+ 33. Bxd3 Rh6 34. Re4 Bd6 35. Re3 Bf4 36. Rf3 Bg5 37. Kc2 Kd8 38. Bf1 Rf6 39. Kb3 Rf8 40. Rd3+ Kc8 41. Rd7 Rd8 42. Rxd8+ Kxd8 43. Kc4 b6 44. Kd5 Kc7 45. Ke4 h6 46. f4 Bf6 47. Kf3 Kd8 48. Kg3 Ke8 49. h4 Kf8 50. g5 Bd4 51. Kg4 Kg7 52. h5 Bc3 53. Kf3 Bb2 54. a4 Bc3 55. Ke4 hxg5 56. fxg5 Bd2 57. Kd5 Bxg5 58. Kc6 Kf6 59. Bc4 1-0